[Event "TUR-chT 2nd League"]
[Site "Denizli"]
[Date "2023.07.11"]
[Round "4.92"]
[White "Turan, Erkan"]
[Black "Uzunoglu, Efe Kerem"]
[Result "0-1"]
[WhiteElo "1655"]
[BlackElo "2072"]
[PlyCount "108"]
[EventDate "2023.07.09"]
[EventType "team-swiss"]
[EventRounds "9"]
[EventCountry "TUR"]
[SourceTitle "CBM 215 Extra"]
[Source "ChessBase"]
[SourceDate "2023.09.30"]
[SourceVersion "1"]
[SourceVersionDate "2023.09.30"]
[SourceQuality "1"]
[WhiteTeam "Ordu Gul Bahcesi"]
[BlackTeam "Cigli Batubey"]
[WhiteTeamCountry "TUR"]
[BlackTeamCountry "TUR"]

1. e4 c5 2. Nf3 d6 3. Nc3 Nf6 4. g3 Nc6 5. Bg2 g6 6. h3 Bg7 7. 0-0 0-0 8. d3 Rb8 9. a4 a6 10. Bg5 h6 11. Bf4 e5 12. Be3 Nd4 13. Kh2 Be6 14. Nd2 Nh5 15. f4 f5 16. Ne2 Nxe2 17. Qxe2 exf4 18. gxf4 Bxb2 19. exf5 Bxf5 20. Bd5+ Kh7 21. Rab1 Bg7 22. Rxb7 Rxb7 23. Bxb7 Bxh3 24. Kxh3 Qd7+ 25. Qg4 Qxb7 26. Ne4 Nf6 27. Nxf6+ Rxf6 28. Rg1 Qf7 29. Kg3 Rf5 30. Rb1 h5 31. Qe2 Qe6 32. Rb7 Rf7 33. Rxf7 Qxf7 34. Qf3 Qe6 35. c4 Qf5 36. Bf2 Bf6 37. Kg2 Kh6 38. Qh3 Qxh3+ 39. Kxh3 g5 40. fxg5+ Kxg5 41. Be3+ Kf5 42. Kg3 Bg5 43. Bg1 h4+ 44. Kh3 Kf4 45. Bh2+ Ke3 46. Bxd6 Kd4 47. a5 Bd8 48. Kg4 Bxa5 49. Kf3 Be1 50. Ke2 Bg3 51. Be7 h3 52. Bf6+ Be5 53. Bg5 h2 54. Kd2 Bg7 0-1

[Event "TUR-chT 2nd League"]
[Site "Konya"]
[Date "2022.08.25"]
[Round "5.12"]
[White "Turan, Erkan"]
[Black "Sungu, Yagiz Kaan"]
[Result "1-0"]
[WhiteElo "1612"]
[BlackElo "1679"]
[PlyCount "81"]
[EventDate "2022.08.22"]
[EventType "team-swiss"]
[EventRounds "9"]
[EventCountry "TUR"]
[SourceTitle "CBM 210 Extra"]
[Source "ChessBase"]
[SourceDate "2022.11.30"]
[SourceVersion "1"]
[SourceVersionDate "2022.11.30"]
[SourceQuality "1"]
[WhiteTeam "Gulbahcesi Egitim"]
[BlackTeam "Calli Spor"]
[WhiteTeamCountry "TUR"]
[BlackTeamCountry "TUR"]

1. Nf3 Nf6 2. b3 d5 3. e3 e6 4. Bb2 b6 5. Bb5+ Bd7 6. a4 a6 7. Be2 Bd6 8. Ne5 Bc8 9. d3 Bb7 10. 0-0 Nbd7 11. f4 c5 12. Nd2 Qc7 13. d4 Rc8 14. Rc1 Ne4 15. Nxe4 dxe4 16. Bc4 Nxe5 17. fxe5 Be7 18. Qg4 0-0 19. Qe2 a5 20. Rf4 cxd4 21. exd4 Bg5 22. Rg4 Bxc1 23. Bxc1 Bd5 24. Bh6 g6 25. Bxf8 Kxf8 26. Rf4 Bxc4 27. bxc4 Qxc4 28. Qf2 Rc7 29. h3 Qxc2 30. Rxf7+ Ke8 31. Rf8+ Kd7 32. Qf7+ Kc6 33. Qxe6+ Kb7 34. Qe8 Rc8 35. Qxc8+ Qxc8 36. Rxc8 Kxc8 37. e6 b5 38. axb5 a4 39. b6 a3 40. e7 Kd7 41. b7 1-0

[Event "TUR-chT 2nd League"]
[Site "Konya"]
[Date "2018.07.18"]
[Round "4.14"]
[White "Turan, Erkan"]
[Black "Durmaz, Ferhat"]
[Result "0-1"]
[WhiteElo "1657"]
[BlackElo "1553"]
[PlyCount "60"]
[EventDate "2018.07.16"]
[EventType "team-swiss"]
[EventRounds "9"]
[EventCountry "TUR"]
[SourceTitle "EXT 2019"]
[Source "ChessBase"]
[SourceDate "2018.10.10"]
[SourceVersion "1"]
[SourceVersionDate "2018.10.10"]
[SourceQuality "1"]
[WhiteTeam "Gulbahcesi Egitim"]
[BlackTeam "Seviye Dernegi"]
[WhiteTeamCountry "TUR"]
[BlackTeamCountry "TUR"]

1. e4 e6 2. d3 d5 3. Nd2 Nf6 4. e5 Nfd7 5. f4 c5 6. Ngf3 Nc6 7. Be2 Be7 8. 0-0 0-0 9. b3 f5 10. Bb2 b5 11. d4 Qb6 12. c3 a5 13. Kh1 Ba6 14. Bd3 b4 15. dxc5 Nxc5 16. Bxa6 bxc3 17. Bxc3 Nxa6 18. Qe2 Rfd8 19. Ng5 Nc5 20. h4 Ra7 21. Qf2 Qa6 22. Bd4 Nd3 23. Qe3 Nxd4 24. Qxd4 Bc5 25. Qc3 Bb4 26. Qc2 Rc8 27. Qd1 h6 28. Nh3 Bc3 29. Rb1 Nb2 30. Qe2 Qxe2 0-1

[Event "TUR-chT 2nd League"]
[Site "Konya"]
[Date "2017.07.18"]
[Round "3.12"]
[White "Turan, Erkan"]
[Black "Sevinc, Mesut"]
[Result "1-0"]
[WhiteElo "1669"]
[BlackElo "1776"]
[PlyCount "91"]
[EventDate "2017.07.17"]
[EventType "team-swiss"]
[EventRounds "9"]
[EventCountry "TUR"]
[SourceTitle "CBM 179 Extra"]
[Source "ChessBase"]
[SourceDate "2017.08.23"]
[SourceVersion "1"]
[SourceVersionDate "2017.08.23"]
[SourceQuality "1"]
[WhiteTeam "Ordu Gul Bahcesi"]
[BlackTeam "Ayidin Nazilli Belediyesi"]
[WhiteTeamCountry "TUR"]
[BlackTeamCountry "TUR"]

1. e4 c5 2. Nf3 d6 3. g3 Nf6 4. d3 Nc6 5. c3 e5 6. Bg2 Be7 7. a4 a5 8. Na3 0-0 9. 0-0 Rb8 10. Nb5 Bd7 11. Nd2 Be6 12. f4 Bg4 13. Nf3 d5 14. Qc2 Bxf3 15. Bxf3 d4 16. f5 Ne8 17. Bd2 Bg5 18. Kg2 Bxd2 19. Qxd2 Nd6 20. Bg4 f6 21. Bd1 Qe7 22. Nxd6 Qxd6 23. Bb3+ Kh8 24. g4 Rbd8 25. Bd5 b6 26. Rf3 Ne7 27. Bc4 g5 28. h4 h6 29. Rh1 Kg7 30. hxg5 hxg5 31. Rh5 Rh8 32. Rxg5+ Kf8 33. Rh5 Rxh5 34. gxh5 Kg7 35. Rg3+ Kh7 36. Qe2 Ng8 37. Qg4 Qf8 38. Qg6+ Kh8 39. Bxg8 Rd7 40. Be6 Re7 41. h6 Rc7 42. c4 Rb7 43. h7 Rg7 44. Qxg7+ Qxg7 45. Rxg7 Kxg7 46. Bg8 1-0

[Event "TUR-chT 2nd League"]
[Site "Konya"]
[Date "2017.07.17"]
[Round "1.2"]
[White "Turan, Erkan"]
[Black "Duman, Aydin"]
[Result "0-1"]
[WhiteElo "1669"]
[BlackElo "2056"]
[PlyCount "84"]
[EventDate "2017.07.17"]
[EventType "team-swiss"]
[EventRounds "9"]
[EventCountry "TUR"]
[SourceTitle "CBM 179 Extra"]
[Source "ChessBase"]
[SourceDate "2017.08.23"]
[SourceVersion "1"]
[SourceVersionDate "2017.08.23"]
[SourceQuality "1"]
[WhiteTeam "Ordu Gul Bahcesi"]
[BlackTeam "Berk Tugra Caliskan"]
[WhiteTeamCountry "TUR"]
[BlackTeamCountry "TUR"]

1. e4 c5 2. Nf3 g6 3. Bc4 Bg7 4. d3 e6 5. Nc3 Ne7 6. e5 0-0 7. Bf4 d6 8. exd6 Nf5 9. h4 Nxd6 10. Bxd6 Qxd6 11. Ne4 Qc6 12. a4 Bxb2 13. h5 Nd7 14. hxg6 hxg6 15. Qd2 Bg7 16. c3 f5 17. Neg5 Nb6 18. Bb5 Qd6 19. a5 Nd5 20. Rc1 Qf4 21. g3 Qxd2+ 22. Kxd2 Nc7 23. Bc4 b5 24. Ba2 Rd8 25. Rh7 Bb7 26. Rch1 Bxf3 27. Nxf3 Nd5 28. Ng5 Bxc3+ 29. Kc1 c4 30. dxc4 Nb4 31. Bb3 Bd2+ 32. Kb1 Bxg5 33. cxb5 Nd5 34. Rh8+ Kf7 35. R8h7+ Kf8 36. Rh8+ Ke7 37. R8h7+ Kd6 38. f4 Bf6 39. Rc1 Nc3+ 40. Kc2 Nxb5 41. Rd1+ Nd4+ 42. Kb1 Rab8 0-1

[Event "TUR Cup"]
[Site "Antalya"]
[Date "2017.02.01"]
[Round "7"]
[White "Kirali, Mehmet"]
[Black "Turan, Erkan"]
[Result "1-0"]
[WhiteElo "1878"]
[BlackElo "1649"]
[PlyCount "87"]
[EventDate "2017.01.28"]
[EventType "swiss"]
[EventRounds "11"]
[EventCountry "TUR"]
[SourceTitle "CBM 176 Extra"]
[Source "ChessBase"]
[SourceDate "2017.03.02"]
[SourceVersion "1"]
[SourceVersionDate "2017.03.02"]
[SourceQuality "1"]

1. Nf3 Nf6 2. d4 e6 3. c4 d5 4. Nc3 c5 5. cxd5 Nxd5 6. e4 Nb6 7. Be3 cxd4 8. Qxd4 Qxd4 9. Nxd4 Be7 10. Ndb5 Na6 11. Nxa7 Rxa7 12. Bxb6 Ra8 13. Bb5+ Bd7 14. 0-0 Bc6 15. Rfd1 0-0 16. Rac1 Bg5 17. Rb1 h5 18. a3 Rfc8 19. Be2 h4 20. f3 Nc7 21. g3 hxg3 22. hxg3 g6 23. Kf2 f5 24. Bc4 Kf7 25. Rd6 Be7 26. Bxc7 Rxc7 27. Rxe6 Bc5+ 28. Kg2 Kg7 29. exf5 gxf5 30. Rh1 Re7 31. Rh5 Rxe6 32. Bxe6 Rd8 33. Rxf5 Rd2+ 34. Kh3 Bd4 35. Nd5 Bxb2 36. a4 Bxa4 37. Rf7+ Kh6 38. Rxb7 Bd4 39. Kg4 Bc6 40. Rc7 Be8 41. Nf4 Be5 42. Re7 Rd8 43. Bf5 Bg7 44. Re6+ 1-0